000 00653nam a22002172 4500
001 0000019544
005 20151021151134.0
008 110107s xx 000 0 eng d
020 _a0324543117 :
040 _aKABU
_cKABU
100 1 _aBrux, Jacqueline Murray.
_@0000179300
245 1 0 _aEconomic issues and policy /
_cJacqueline Murray Brux.
250 _a4th ed.
260 _aMason, OH :
_bThomson Higher,
_c2008.
300 _axxix, 448 p.
650 0 _aEconomics.
_@0000148279
650 0 _aEconomic policy.
_@0000150092
852 1 _9p3395 KES
908 _a110107
950 _@1
999 _c1105
_d1105